[Event "Marienbad Open IM1 2020"]
[Site "Marianske Lazne"]
[Date "2020.01.20"]
[Round "3.9"]
[White "Grabarczyk, Miroslaw"]
[Black "Abhilash, Reddy M.L."]
[Result "1-0"]
[WhiteElo "2366"]
[BlackElo "2258"]
[Annotator "TA"]
[PlyCount "109"]
[EventDate "2020.01.18"]
[EventType "tourn"]
[EventCountry "CZE"]
[SourceTitle "playchess.com"]
[Source "ChessBase"]
[SourceQuality "1"]

{[%evp 10,109,-4,-3,26,5,42,42,45,38,54,48,58,49,47,37,56,47,47,47,44,39,52,48,43,43,45,40,58,41,49,49,49,46,45,48,63,61,71,64,64,61,67,16,29,24,31,29,143,135,139,139,128,92,122,122,184,90,229,223,278,282,278,264,264,264,326,258,481,388,731,825,758,794,1188,633,1559,874,2600,1891,6555,5402,1777,1724,29950,5513,29973,29975,29976,29977,29977,29978,29978,29979,29979,29977,29979,29980,29980,29979,29976,29976]} 1. d4 d5 2. c4 c6 3. Nf3 Nf6 4. e3 Bf5 5. cxd5 cxd5 6. Qb3 Bc8 {D12: Slav Defence: 3 Nf3 Nf6 4 e3 Bf5} (6... Qc7 7. Bd2 e6 8. Bb5+ Nc6 9. O-O Bd6 10. Bb4 O-O 11. Bxc6 bxc6 12. Nbd2 Rfb8 13. Bxd6 Qxd6 14. Qc3 Qb4 15. Qxb4 Rxb4 16. b3 Nd7 17. a3 Rb6 18. b4 {½-½ (31) Radjabov,T (2745)-Aronian,L (2813) Stavanger 2013}) 7. Bb5+ Nbd7 8. O-O e6 {White is slightly better.} 9. Bd2 Be7 10. Bb4 O-O 11. Bxe7 Qxe7 12. Rc1 Qd6 13. Nbd2 $146 ({Predecessor:} 13. Qa3 Ne4 14. Qxd6 Nxd6 {½-½ (26) Rizzo,G (2093)-Carbone,S (1933) Amantea 2011}) 13... a6 14. Bf1 b6 15. Qc3 (15. Rc3 {with more complications.} Bb7 16. Rac1 Rfc8 17. Ne5 h6 18. Bd3) 15... Qb8 16. Ne5 Nxe5 17. dxe5 Nd7 18. f4 a5 19. Nb3 a4 20. Nd4 Nc5 21. b4 axb3 $1 22. axb3 {[%cal Ba2b3,Bb3b4][%mdl 32]} Rxa1 23. Qxa1 Bd7 24. b4 Ne4 25. Bd3 $36 {[%mdl 2048] White is pushing.} Qb7 26. Qa6 (26. Rc2 $14) 26... Qxa6 $11 27. Bxa6 Ra8 28. Bd3 Rc8 (28... Kf8 $11) 29. Rxc8+ $16 Bxc8 30. Bxe4 $1 dxe4 {[%mdl 4096] Endgame KB-KN} 31. g4 f6 32. Kf2 fxe5 (32... Bd7 $16) 33. Nc6 $18 {Hoping for Ne7+.} ({Much less strong is} 33. fxe5 $6 h6 $14) 33... Bd7 (33... Kf8 $16 {is a better defense.}) 34. Nxe5 Bb5 35. Ke1 Kf8 36. Kd2 Ke7 37. Kc3 $1 {[%cal Rc3d4]} Kf6 38. h4 h6 $2 (38... Ke7 39. Kd4 Be2 40. Kxe4 Kd6) 39. Kd4 g5 $2 (39... Be2 40. Nd7+ (40. Kxe4 Ke7 $16) 40... Ke7) 40. fxg5+ hxg5 41. h5 Kg7 42. Kxe4 Kf6 43. Kd4 Be2 44. h6 b5 45. e4 Bd1 46. Ke3 Bc2 47. Nf3 (47. h7 $142 Kg7 {[#]} 48. Nf7 $1 {[%mdl 512]} Kxh7 49. Nxg5+ {[%mdl 64] Double Attack} Kh8 50. Nxe6 Bb3 51. Nd4 $1 {[%mdl 512]} Bc4 52. Kf4) 47... Bd1 {[#]} 48. Nxg5 $1 {[%mdl 512] White mates.} Bxg4 (48... Kxg5 49. h7) 49. h7 Kg7 50. Kf4 Be2 51. Ke5 Bc4 52. Kd6 Bb3 53. e5 Bc4 54. Kd7 Kh8 55. Nxe6 {Accuracy: White = 72%, Black = 30%.} 1-0

[Event "Marienbad Open IM1 2020"]
[Site "Marianske Lazne"]
[Date "2020.01.20"]
[Round "3.10"]
[White "Michalek, Jan"]
[Black "Vagman, Roy"]
[Result "1-0"]
[WhiteElo "2251"]
[BlackElo "2089"]
[Annotator "ChessBase"]
[PlyCount "83"]
[EventDate "2020.01.18"]
[EventType "tourn"]
[EventCountry "CZE"]
[SourceTitle "playchess.com"]
[Source "ChessBase"]
[SourceQuality "1"]
[TimeControl "40/5400+30:1800+30"]

1. Nf3 {[%emt 0:00:00]} d5 {[%emt 0:00:38]} 2. g3 {[%emt 0:00:00]} g6 {[%emt 0:00:56]} 3. Bg2 {[%emt 0:00:36]} Bg7 {[%emt 0:00:12]} 4. O-O {[%emt 0:00:38]} e5 {[%emt 0:00:56]} 5. d3 {[%emt 0:00:37]} Ne7 {[%emt 0:00:30]} 6. e4 {[%emt 0:05:24]} c6 {[%emt 0:09:24]} 7. Qe2 {[%emt 0:07:29]} Qd6 {[%emt 0:12:38]} 8. Re1 {[%emt 0:02:47]} d4 {[%emt 0:04:34]} 9. a4 {[%emt 0:02:10]} c5 {[%emt 0:03:51]} 10. Na3 {[%emt 0:01:47]} O-O {[%emt 0:01:05]} 11. Nd2 {[%emt 0:01:24]} Nbc6 {[%emt 0:07:03]} 12. f4 {[%emt 0:04:54]} f6 {[%emt 0:02:17]} 13. Nac4 {[%emt 0:03:59]} Qc7 {[%emt 0:01:39]} 14. Rf1 {[%emt 0:01:38]} b6 {[%emt 0:07:51]} 15. Nf3 {[%emt 0:01:47]} Bd7 {[%emt 0:04:14]} 16. Bd2 {[%emt 0:02:12]} a6 {[%emt 0:01:58]} 17. a5 {[%emt 0:02:45]} bxa5 {[%emt 0:04:57]} 18. fxe5 {[%emt 0:01:55]} fxe5 {[%emt 0:01:36]} 19. Nxa5 {[%emt 0:02:34]} Nxa5 {[%emt 0:01:49]} 20. Rxa5 {[%emt 0:01:30]} Bb5 {[%emt 0:03:14]} 21. Bh3 {[%emt 0:01:37]} Nc6 {[%emt 0:08:30]} 22. Raa1 {[%emt 0:13:36]} Nb4 {[%emt 0:01:15]} 23. Be6+ {[%emt 0:02:01]} Kh8 {[%emt 0:00:02]} 24. Bb3 {[%emt 0:02:29]} h6 {[%emt 0:02:50]} 25. Nh4 {[%emt 0:01:36]} Kh7 {[%emt 0:04:58]} 26. Qg4 {[%emt 0:01:59]} Be8 {[%emt 0:08:06]} 27. Rxf8 {[%emt 0:04:25]} Bxf8 {[%emt 0:00:01]} 28. Qe6 {[%emt 0:04:19]} Qg7 {[%emt 0:01:44]} 29. Bxb4 {[%emt 0:03:59]} cxb4 {[%emt 0:01:05]} 30. Bd5 {[%emt 0:00:33]} Rb8 {[%emt 0:02:01]} 31. Rxa6 {[%emt 0:02:22]} Bd7 {[%emt 0:01:11]} 32. Qxg6+ {[%emt 0:00:57]} Qxg6 {[%emt 0:00:01]} 33. Nxg6 {[%emt 0:00:28]} Bg7 {[%emt 0:00:28]} 34. Nh4 {[%emt 0:04:44]} Kh8 {[%emt 0:01:41]} 35. Kg2 {[%emt 0:00:44]} b3 {[%emt 0:01:43]} 36. Bxb3 {[%emt 0:00:30]} Bb5 {[%emt 0:00:14]} 37. Ra3 {[%emt 0:01:59]} Bf6 {[%emt 0:00:44]} 38. Nf5 {[%emt 0:00:33]} Rb7 {[%emt 0:00:32]} 39. Nxh6 {[%emt 0:00:30]} Be7 {[%emt 0:00:30]} 40. Ra8+ {[%emt 0:00:16]} Kh7 {[%emt 0:00:16]} 41. Nf5 {[%emt 0:30:21]} Bc5 {[%emt 0:02:24]} 42. Bd5 {[%emt 0:00:00]} 1-0

[Event "Marienbad Open IM1 2020"]
[Site "Marianske Lazne"]
[Date "2020.01.21"]
[Round "4.6"]
[White "Plischki, Sebastian"]
[Black "Vagman, Roy"]
[Result "1/2-1/2"]
[WhiteElo "2387"]
[BlackElo "2089"]
[Annotator "TA"]
[PlyCount "120"]
[EventDate "2020.01.18"]
[EventType "tourn"]
[EventCountry "CZE"]
[SourceTitle "playchess.com"]
[Source "ChessBase"]
[SourceQuality "1"]

{[%evp 9,120,0,34,0,-4,-14,-17,-47,-34,-45,-39,-43,-43,-44,-44,-51,-51,-62,-60,-70,-65,-48,0,0,0,0,19,16,17,20,15,-10,0,0,0,0,4,-10,0,-27,0,0,0,0,0,0,72,66,77,89,75,83,80,88,69,77,96,72,68,37,22,25,55,52,49,16,35,41,41,41,41,41,41,41,41,16,41,41,41,41,41,41,41,41,41,41,41,8,41,41,41,41,41,41,41,41,42,8,9,8,8,8,8,8,8,8,8,8,8,8,8,0,8]} 1. Nf3 d5 2. g3 g6 (2... Nf6 3. Bg2 e6 4. O-O Be7 5. b3 O-O 6. Bb2 c5 7. e3 Nc6 8. d4 cxd4 9. Nxd4 Bd7 10. Nd2 Nxd4 11. Bxd4 Bc6 12. c4 Rc8 13. Rc1 Qa5 14. a4 Rfd8 15. Qe2 Ne4 16. Nxe4 dxe4 {1-0 (60) Vachier Lagrave,M (2780)-Aronian,L (2775) Moscow 2019}) 3. c4 d4 4. d3 Nc6 5. Bg2 a5 6. O-O {A07: Réti Opening: New York and Capablanca Systems} Bg7 7. b3 $146 ({Predecessor:} 7. Na3 Nf6 8. Nc2 Nd7 9. b3 Nc5 10. Bb2 O-O {½-½ (10) Djukic,N (2546)-Miladinovic,I (2550) Cetinje 2016}) 7... Nf6 8. a3 Nd7 9. Nbd2 e5 10. Ne1 O-O 11. Rb1 Qe7 12. Nc2 Nc5 13. Ne4 Nxe4 14. Bxe4 Bh3 15. Re1 Bg4 16. b4 axb4 17. axb4 f5 18. Bd5+ Kh8 19. b5 Nd8 20. Bf3 Bh3 21. e3 dxe3 22. Nxe3 Qd6 23. Bb2 c6 24. Qe2 Nf7 (24... Ne6 $5 {[%cal Rf5f4]}) 25. bxc6 bxc6 26. c5 $36 {[%mdl 2048] Black is under pressure.} Qxc5 27. Rec1 Qa5 (27... Qd6 $11 {remains equal.}) 28. Bxc6 $16 {Hoping for Ra1.} Rac8 {[#]} 29. Nc4 $1 {[%cal Rc4a5]} Qc7 30. Bd5 {aiming for Nxe5.} Qd7 31. Bxf7 Qxf7 32. Bxe5 Rfe8 {and if ...Rxc4 works, Black does fine.} 33. Bxg7+ (33. Rb5 {seems wilder.} Qd7 34. Rcb1 Qd4 35. Re1 Bxe5 36. Nxe5 f4 37. Qe4) 33... Qxg7 34. Qb2 (34. Qd2 {looks sharper.} Rcd8 35. Na5 Rc8 36. Nc6 Qf6 37. Nb4) 34... Qxb2 35. Rxb2 Red8 36. Rb3 f4 37. Rbc3 fxg3 38. hxg3 Bf5 39. Ne5 Rxc3 40. Rxc3 $14 {[%mdl 4096] Endgame KRB-KRN} Rd5 41. f4 g5 42. Kf2 h5 43. Nf7+ Kg7 44. Nxg5 {And now Ne4 would win.} Rxd3 45. Rxd3 Bxd3 {KB-KN} 46. Ke3 Bb1 47. Ne4 Kg6 48. Nd6 Kf6 49. Kf3 Kg6 50. Nc4 Ba2 51. Ne3 Bb1 52. Ke2 Be4 53. Kd2 h4 {The position is equal.} 54. g4 h3 {[#] Strongly threatening ...h2.} 55. Nf1 {Threatens to win with Ke3.} Bf3 $1 56. g5 Bg2 57. Nh2 Kf5 58. Ke3 Bh1 59. Nf1 {Ng3+ is the strong threat.} Bg2 60. Nh2 Bh1 {Accuracy: White = 60%, Black = 60%.} 1/2-1/2

[Event "Marienbad Open IM1 2020"]
[Site "Marianske Lazne"]
[Date "2020.01.21"]
[Round "4.7"]
[White "Abhilash, Reddy M.L."]
[Black "Michalek, Jan"]
[Result "1/2-1/2"]
[WhiteElo "2258"]
[BlackElo "2251"]
[Annotator "ChessBase"]
[PlyCount "63"]
[EventDate "2020.01.18"]
[EventType "tourn"]
[EventCountry "CZE"]
[SourceTitle "playchess.com"]
[Source "ChessBase"]
[SourceQuality "1"]
[TimeControl "40/5400+30:1800+30"]

1. d4 {[%emt 0:07:47]} Nf6 {[%emt 0:00:00]} 2. Nf3 {[%emt 0:00:01]} d6 {[%emt 0:00:42]} 3. c4 {[%emt 0:00:05]} g6 {[%emt 0:00:25]} 4. Nc3 {[%emt 0:00:07]} Bg7 {[%emt 0:00:11]} 5. g3 {[%emt 0:00:06]} O-O {[%emt 0:00:29]} 6. Bg2 {[%emt 0:00:04]} Nbd7 {[%emt 0:00:39]} 7. O-O {[%emt 0:00:07]} e5 8. dxe5 {[%emt 0:00:03]} dxe5 {[%emt 0:01:53]} 9. Be3 {[%emt 0:00:05]} Re8 {[%emt 0:03:34]} 10. h3 {[%emt 0:00:07]} c6 {[%emt 0:05:54]} 11. Qb3 {[%emt 0:02:51]} Qa5 {[%emt 0:02:06]} 12. a3 {[%emt 0:06:37]} Nc5 {[%emt 0:09:13]} 13. Qb4 {[%emt 0:05:29]} Qxb4 {[%emt 0:05:56]} 14. axb4 {[%emt 0:00:02]} Nce4 {[%emt 0:03:02]} 15. Nxe4 {[%emt 0:07:23]} Nxe4 {[%emt 0:00:12]} 16. Rxa7 {[%emt 0:05:25]} Rxa7 {[%emt 0:00:15]} 17. Bxa7 {[%emt 0:00:03]} Be6 {[%emt 0:00:48]} 18. Rc1 {[%emt 0:06:00]} Ra8 {[%emt 0:00:30]} 19. Be3 {[%emt 0:18:39]} Ra2 {[%emt 0:01:02]} 20. Ne1 {[%emt 0:03:10]} f5 {[%emt 0:05:06]} 21. Nd3 {[%emt 0:05:12]} Nd6 {[%emt 0:01:57]} 22. Nc5 {[%emt 0:01:30]} Bc8 {[%emt 0:00:14]} 23. b5 {[%emt 0:16:26]} cxb5 {[%emt 0:04:19]} 24. Bd5+ {[%emt 0:02:18]} Kf8 {[%emt 0:03:04]} 25. cxb5 {[%emt 0:00:56]} Rxb2 {[%emt 0:00:39]} 26. Nxb7 {[%emt 0:03:39]} Bxb7 {[%emt 0:05:00]} 27. Bxb7 {[%emt 0:00:14]} Nxb5 {[%emt 0:02:12]} 28. Rc8+ {[%emt 0:02:15]} Ke7 {[%emt 0:02:38]} 29. Ba6 {[%emt 0:00:34]} Kd7 {[%emt 0:13:54]} 30. Rb8 {[%emt 0:01:35]} Rb1+ 31. Kg2 Nc3 32. Rb4 1/2-1/2

[Event "Marienbad Open IM1 2020"]
[Site "Marianske Lazne"]
[Date "2020.01.21"]
[Round "4.8"]
[White "Tymrakiewicz, Rafal"]
[Black "Grabarczyk, Miroslaw"]
[Result "1/2-1/2"]
[WhiteElo "2254"]
[BlackElo "2366"]
[Annotator "TA"]
[PlyCount "31"]
[EventDate "2020.01.18"]
[EventType "tourn"]
[EventCountry "CZE"]
[SourceTitle "playchess.com"]
[Source "ChessBase"]
[SourceQuality "1"]

{[%evp 14,16,0,-10,-1]} 1. e4 e5 2. d4 exd4 3. Nf3 Nc6 4. Bc4 Nf6 5. e5 d5 6. Bb5 Nd7 7. O-O Be7 8. Re1 O-O {C56: Two Knights: 4 d4 exd4 5 0-0 Nxe4} {Predecessor:} 9. Bxc6 $146 bxc6 10. Nxd4 Nb8 11. Qf3 c5 12. Nf5 Bxf5 13. Qxf5 Qd7 14. Qxd7 Nxd7 15. Nc3 c6 16. b3 {1-0 (47) Mamedov,R (2703)-Postny,E (2615) St Petersburg 2018} 1/2-1/2

[Event "Marienbad Open IM1 2020"]
[Site "Marianske Lazne"]
[Date "2020.01.21"]
[Round "4.9"]
[White "Stigar, Petter"]
[Black "Roesemann, Rainer"]
[Result "1/2-1/2"]
[WhiteElo "2217"]
[BlackElo "2231"]
[Annotator "ChessBase"]
[PlyCount "95"]
[EventDate "2020.01.18"]
[EventType "tourn"]
[EventCountry "CZE"]
[SourceTitle "playchess.com"]
[Source "ChessBase"]
[SourceQuality "1"]
[TimeControl "40/5400+30:1800+30"]

1. e4 c6 2. d4 d5 3. Nd2 dxe4 4. Nxe4 Nf6 5. Nxf6+ exf6 6. Bc4 Bd6 7. Qe2+ Qe7 8. Qxe7+ Kxe7 9. Bd3 Re8 10. Ne2 Be6 11. Bf4 Bxf4 12. Nxf4 g6 13. O-O-O Nd7 14. Rhe1 Kf8 15. Re3 Nb6 16. Rde1 Bd7 17. Rxe8+ Bxe8 18. c3 Rd8 19. Kc2 Rd6 20. Be4 Bd7 21. Nd3 Re6 22. Nc5 Re7 23. Nxd7+ Nxd7 24. Kd2 f5 25. Bd3 Nf6 26. Rxe7 Kxe7 27. f3 Nd5 28. Bc4 Nb6 29. Bb3 f4 30. Kd3 Nc8 31. c4 Nd6 32. c5 Nf5 33. Ke4 Nh4 34. g3 fxg3 35. hxg3 Nf5 36. g4 Ng7 37. d5 cxd5+ 38. Bxd5 b6 39. cxb6 axb6 40. g5 Nf5 41. a4 h5 42. gxh6 Nxh6 43. b4 Nf5 44. a5 Nd6+ 45. Kd4 Nb5+ 46. Kc4 Nd6+ 47. Kd4 Nb5+ 48. Kc4 1/2-1/2

[Event "Marienbad Open IM1 2020"]
[Site "Marianske Lazne"]
[Date "2020.01.21"]
[Round "4.10"]
[White "Sernecki, Franciszek"]
[Black "Steiner, Bruno"]
[Result "1-0"]
[WhiteElo "2204"]
[BlackElo "2117"]
[Annotator "ChessBase"]
[PlyCount "105"]
[EventDate "2020.01.18"]
[EventType "tourn"]
[EventCountry "CZE"]
[SourceTitle "playchess.com"]
[Source "ChessBase"]
[SourceQuality "1"]
[TimeControl "40/5400+30:1800+30"]

1. e4 {[%emt 0:00:00]} c5 {[%emt 0:00:51]} 2. Nf3 {[%emt 0:00:43]} e6 {[%emt 0:01:27]} 3. Nc3 {[%emt 0:00:10]} d6 {[%emt 0:01:53]} 4. d4 {[%emt 0:00:20]} cxd4 {[%emt 0:00:11]} 5. Nxd4 {[%emt 0:00:03]} Nf6 {[%emt 0:00:07]} 6. g3 {[%emt 0:00:15]} Be7 {[%emt 0:00:22]} 7. Bg2 {[%emt 0:00:56]} O-O {[%emt 0:00:40]} 8. O-O {[%emt 0:00:43]} Nc6 {[%emt 0:01:29]} 9. Nb3 {[%emt 0:05:34]} Rb8 {[%emt 0:06:58]} 10. a4 {[%emt 0:04:54]} b6 {[%emt 0:12:22]} 11. f4 {[%emt 0:04:01]} Na5 {[%emt 0:02:07]} 12. Nxa5 {[%emt 0:12:06]} bxa5 {[%emt 0:00:19]} 13. b3 {[%emt 0:04:08]} Rb4 {[%emt 0:23:07]} 14. Kh1 {[%emt 0:14:17]} Bb7 {[%emt 0:03:37]} 15. Qe2 {[%emt 0:05:40]} Qa8 {[%emt 0:08:30]} 16. Ba3 {[%emt 0:06:47]} Rc8 {[%emt 0:04:49]} 17. Bxb4 {[%emt 0:06:23]} axb4 {[%emt 0:00:25]} 18. e5 {[%emt 0:08:54]} dxe5 {[%emt 0:04:35]} 19. fxe5 {[%emt 0:00:43]} Bxg2+ {[%emt 0:08:01]} 20. Qxg2 {[%emt 0:00:01]} Qxg2+ {[%emt 0:00:07]} 21. Kxg2 {[%emt 0:00:02]} Ng4 {[%emt 0:00:08]} 22. Ne4 {[%emt 0:02:12]} Ne3+ {[%emt 0:02:21]} 23. Kf3 {[%emt 0:03:01]} Nxf1 {[%emt 0:00:51]} 24. Rxf1 {[%emt 0:00:09]} f5 {[%emt 0:03:11]} 25. exf6 {[%emt 0:00:52]} gxf6 {[%emt 0:00:04]} 26. Rc1 {[%emt 0:09:29]} f5 {[%emt 0:00:53]} 27. Nf2 {[%emt 0:00:34]} Kf7 {[%emt 0:07:11]} 28. Nd3 {[%emt 0:01:46]} Rc3 {[%emt 0:00:28]} 29. g4 {[%emt 0:02:39]} a5 {[%emt 0:02:05]} 30. Kf4 {[%emt 0:03:30]} Bd6+ {[%emt 0:01:29]} 31. Kg5 {[%emt 0:00:48]} h6+ {[%emt 0:00:49]} 32. Kh5 {[%emt 0:00:45]} Bxh2 {[%emt 0:01:17]} 33. gxf5 {[%emt 0:00:48]} exf5 {[%emt 0:00:08]} 34. Rf1 {[%emt 0:00:57]} Kf6 {[%emt 0:00:07]} 35. Rf2 {[%emt 0:00:42]} Bc7 {[%emt 0:00:22]} 36. Kxh6 {[%emt 0:01:26]} Bg3 {[%emt 0:00:59]} 37. Re2 {[%emt 0:01:33]} Rc8 {[%emt 0:00:44]} 38. Kh7 {[%emt 0:00:12]} f4 {[%emt 0:00:25]} 39. Re4 {[%emt 0:00:41]} Rc7+ {[%emt 0:00:28]} 40. Kg8 {[%emt 0:00:36]} Rg7+ {[%emt 0:02:26]} 41. Kf8 {[%emt 0:05:12]} f3 {[%emt 0:09:25]} 42. Re3 {[%emt 0:10:07]} Bd6+ {[%emt 0:07:54]} 43. Ke8 {[%emt 0:00:02]} Rg3 {[%emt 0:00:11]} 44. Kd7 {[%emt 0:01:08]} f2 {[%emt 0:01:44]} 45. Nxf2 {[%emt 0:02:06]} Rxe3 {[%emt 0:05:21]} 46. Ng4+ {[%emt 0:00:03]} Kf5 {[%emt 0:00:10]} 47. Nxe3+ {[%emt 0:00:05]} Ke4 {[%emt 0:00:05]} 48. Nc4 {[%emt 0:00:33]} Bg3 {[%emt 0:02:19]} 49. Kc6 {[%emt 0:02:24]} Kd4 {[%emt 0:00:17]} 50. Nxa5 {[%emt 0:00:31]} Kc3 {[%emt 0:00:25]} 51. Kb5 {[%emt 0:00:39]} Be1 {[%emt 0:00:35]} 52. Nc6 {[%emt 0:00:12]} Kxc2 {[%emt 0:00:13]} 53. Kc4 {[%emt 0:00:11]} 1-0

[Event "Marienbad Open IM1 2020"]
[Site "Marianske Lazne"]
[Date "2020.01.21"]
[Round "5.6"]
[White "Steiner, Bruno"]
[Black "Plischki, Sebastian"]
[Result "0-1"]
[WhiteElo "2117"]
[BlackElo "2387"]
[Annotator "TA"]
[PlyCount "54"]
[EventDate "2020.01.18"]
[EventType "tourn"]
[EventCountry "CZE"]
[SourceTitle "playchess.com"]
[Source "ChessBase"]
[SourceQuality "1"]

{[%evp 12,54,2,-10,-7,-4,-5,-33,-16,-31,-39,-39,-49,-53,-61,-283,-62,-73,-56,-275,-270,-254,-244,-535,-316,-309,-284,-297,-132,-133,-116,-123,-130,-156,-156,-156,-156,-156,-147,-160,-151,-229,-217,-572,-572]} 1. d4 Nf6 2. Bf4 g6 3. c3 Bg7 4. Nd2 d6 5. e4 O-O 6. Ngf3 Nbd7 7. h3 e5 {A48: 1 d4 Nf6 2 Nf3 g6: Torre, London and Colle Systems} 8. dxe5 dxe5 9. Nxe5 $146 (9. Be3 {keeps more tension.} a5 10. Bb5 Qe7 11. O-O Nh5 12. a4) ({Predecessor:} 9. Be3 Qe7 10. Bc4 b6 11. O-O Bb7 12. Re1 Nc5 13. Bxc5 Qxc5 14. b4 Qe7 15. a4 {½-½ (69) Kamsky,G (2741)-Guseinov,G (2631) Khanty-Mansiysk 2013}) 9... Re8 {Black is slightly better.} 10. Nxd7 Nxe4 11. Nxe4 Rxe4+ {[%mdl 64] Double Attack} 12. Be3 {And now Nc5 would win.} Bxd7 13. Qd3 $2 {[#]} (13. Bd3 $15 Re5 14. Be2) 13... Qe7 $2 ({Better is} 13... Rxe3+ $1 $19 {[%mdl 512]} 14. Qxe3 Qh4) 14. Be2 $15 Bf5 $36 {[%mdl 2048] ...Rd8 is the strong threat. Black has some pressure.} 15. O-O $2 (15. Rd1 $1 $15) 15... Rd8 $19 16. Qb5 c6 17. Qa5 $2 (17. Qb3 Rxe3 18. fxe3 Qxe3+ {[%mdl 64] Double Attack} 19. Rf2) 17... b6 18. Qa6 Bc8 19. Qa3 Qxa3 (19... Rxe3 $19 {has better winning chances.} 20. fxe3 Qxe3+ {[%mdl 64] Double Attack} 21. Rf2 Rd2 22. Qxa7 Be6 23. Qb8+ Bf8) 20. bxa3 $17 Bxc3 21. Rac1 Bd4 22. Rxc6 Bxe3 23. fxe3 Be6 24. Rc3 Rd2 25. Bb5 Rxa2 26. Be8 (26. Rf2 $17) 26... Rc4 $19 27. Rd3 $2 (27. Rfc1 {is tougher.} Rxc3 28. Rxc3) 27... Rcc2 {Accuracy: White = 23%, Black = 56%.} 0-1

[Event "Marienbad Open IM1 2020"]
[Site "Marianske Lazne"]
[Date "2020.01.21"]
[Round "5.7"]
[White "Roesemann, Rainer"]
[Black "Sernecki, Franciszek"]
[Result "1-0"]
[WhiteElo "2231"]
[BlackElo "2204"]
[Annotator "NA"]
[PlyCount "45"]
[EventDate "2020.01.18"]
[EventType "tourn"]
[EventCountry "CZE"]
[SourceTitle "playchess.com"]
[Source "ChessBase"]
[SourceQuality "1"]
[TimeControl "40/5400+30:1800+30"]

1. d4 {[%emt 0:00:00]} Nf6 {[%emt 0:00:00]} 2. Bf4 {[%emt 0:00:00]} c5 {[%emt 0:00:02]} 3. e3 {[%emt 0:00:03]} d5 {[%emt 0:00:26]} 4. c3 {[%emt 0:00:20]} Nc6 {[%emt 0:01:27]} 5. Nd2 {[%emt 0:00:10]} e6 {[%emt 0:08:13]} 6. Ngf3 {[%emt 0:00:43]} Bd6 {[%emt 0:02:27]} 7. Bg3 {[%emt 0:00:12]} Qe7 {[%emt 0:01:10]} 8. Ne5 {[%emt 0:01:08]} Nd7 {[%emt 0:01:21]} 9. f4 {[%emt 0:00:59]} O-O {[%emt 0:01:55]} 10. Bd3 {[%emt 0:00:42]} f6 {[%emt 0:11:06]} 11. Nxc6 {[%emt 0:14:50]} bxc6 {[%emt 0:01:23]} 12. O-O {[%emt 0:01:22]} Bb7 {[%emt 0:14:15]} 13. Nf3 {[%emt 0:10:28]} Rfd8 {[%emt 0:07:23]} 14. e4 {[%emt 0:09:45]} cxd4 {[%emt 0:06:34]} 15. cxd4 {[%emt 0:03:46]} c5 {[%emt 0:01:53]} 16. e5 {[%emt 0:00:48]} Bc7 {[%emt 0:01:24]} 17. Qc2 {[%emt 0:04:06]} g6 {[%emt 0:05:26]} 18. exf6 {[%emt 0:01:08]} Qxf6 {[%emt 0:05:55]} 19. Bh4 {[%emt 0:01:36]} Qxf4 {[%emt 0:03:40]} 20. Bg5 {[%emt 0:04:19]} Qg4 {[%emt 0:02:46]} 21. Bxg6 {[%emt 0:12:54]} Nf8 {[%emt 0:07:11]} 22. Bf7+ {[%emt 0:00:36]} Kg7 {[%emt 0:00:13]} 23. Bf6+ {[%emt 0:00:34]} 1-0

[Event "Marienbad Open IM1 2020"]
[Site "Marianske Lazne"]
[Date "2020.01.21"]
[Round "5.8"]
[White "Grabarczyk, Miroslaw"]
[Black "Stigar, Petter"]
[Result "1-0"]
[WhiteElo "2366"]
[BlackElo "2217"]
[Annotator "TA"]
[PlyCount "67"]
[EventDate "2020.01.18"]
[EventType "tourn"]
[EventCountry "CZE"]
[SourceTitle "playchess.com"]
[Source "ChessBase"]
[SourceQuality "1"]

{[%evp 24,67,6,10,18,15,20,10,21,0,10,0,16,8,28,49,72,59,90,89,83,73,74,10,13,16,21,16,63,63,63,64,183,46,185,171,187,190,170,180,185,184,199,189,471,412]} 1. d4 e6 2. c4 Nf6 3. Nf3 d5 4. Nc3 dxc4 5. e3 a6 6. a4 c5 7. Bxc4 Nc6 8. O-O Qc7 9. Qe2 Be7 10. Bd2 O-O 11. d5 exd5 12. Nxd5 Nxd5 13. Bxd5 Bf6 {D27: Queen's Gambit Accepted: Classical main line: 7 e4!? and 7 a4} 14. Bc3 Bxc3 (14... Ne7 15. Bxf6 Nxd5 16. Be5 Qc6 17. e4 Nf6 18. Rfe1 Bg4 19. Qe3 Rfe8 20. Bxf6 Qxf6 21. e5 {½-½ (48) Jussupow,A (2628)-Van Wely,L (2646) Frankfurt 2000}) 15. bxc3 Ne7 {The position is equal.} 16. e4 $146 ({Predecessor:} 16. Bc4 Bg4 17. h3 Bh5 18. Rfd1 Rad8 19. Rxd8 Rxd8 20. Rd1 h6 21. Rxd8+ Qxd8 {½-½ (74) Poluljahov,A (2485)-Dokutchaev,A (2415) Moscow 1994}) 16... Bg4 17. Bc4 Rab8 18. Rfb1 Bh5 19. Qe3 Bxf3 20. Qxf3 Qc6 21. a5 Qc7 22. Rd1 Rbd8 23. Bd5 (23. Rxd8 $16 Qxd8 24. Qe3) 23... Nxd5 $11 24. Rxd5 Rxd5 25. exd5 {[%mdl 4096] Endgame KQR-KQR} Re8 26. g3 h6 27. Rb1 Rd8 (27... c4 $14) 28. Rb6 (28. c4 $18) 28... Qe7 (28... c4 $1 $14) 29. c4 $18 Rd7 30. Kg2 Qe5 31. Rb3 Qd6 32. h4 Kf8 33. Qg4 Rc7 $2 {[#]} (33... Qc7 34. Rb6 Rd8) 34. Rxb7 $1 {[%mdl 512] Accuracy: White = 53%, Black = 23%.} 1-0